Movies Quiz

Random Movies or Animation Quiz
Score 0/37 Timer 07:00
0 Plays Today
% Correct
Snow White and the Seven Dwarfs
80.7%
Big Hero 6
70.9%
Frozen
69.9%
Cinderella
69.7%
Wreck-It Ralph
69.3%
Zootopia
68.3%
The Lion King
68%
Aladdin
67.4%
Beauty and the Beast
66.9%
Bambi
66.7%
Tangled
66.7%
Sleeping Beauty
62.5%
Dumbo
62.3%
Lilo & Stitch
61.6%
Pinocchio
60.8%
Mulan
60%
Fantasia
59.4%
Pocahontas
59.2%
The Emperor's New Groove
58.8%
% Correct
Alice in Wonderland
58.1%
Hercules
57%
The Little Mermaid
54.3%
Bolt
53.3%
The Princess and the Frog
52.7%
Peter Pan
49.7%
Treasure Planet
47.6%
Tarzan
46.6%
The Aristocats
45.9%
The Jungle Book
44.9%
Oliver and Company
44%
Lady and the Tramp
44%
The Great Mouse Detective
43.7%
The Fox and the Hound
43.1%
One Hundred and One Dalmatians
39.3%
Robin Hood
37%
The Sword in the Stone
34.6%
The Rescuers
33.2%

You're not logged in!

Compare scores with friends on all Sporcle quizzes.
OR
Log In

Sporcle TV

Today on Sporcle TV


Watch our educational content, quiz creation guides, and fun videos on Sporcle TV.

Show Comments

Extras

Top Quizzes Today


Score Distribution

Paid Content

Your Account Isn't Verified!

In order to create a playlist on Sporcle, you need to verify the email address you used during registration. Go to your Sporcle Settings to finish the process.

Report this User

Report this user for behavior that violates our Community Guidelines.

Details: